000 00968nas a2200313 4500
001 BR0405224
003 BR-BrBNA
005 20231205104936.0
007 ta
008 230509b bl.|||p| |||| 00| 00por d
040 _aBR-BrBNA
_bpor
_cBiblioteca Nacional de Agricultura
041 _a(Pt)
072 _aL10
100 1 _aGoulart, H. de M.
100 1 _aSilva, A.E.D.F.
100 1 _aMcManus, C.
100 1 _aPapa, F.O.
245 1 _aEfeitos da pentoxifilina sobre a viabilidade in vitro dos espermatozóides de eqüinos, após o resfriamento a 5 graus Celsius
650 _aGARANHÃO
650 _aSÊMEN
650 _aRESFRIAMENTO
650 _aINCUBAÇÃO
650 _aPRODUTO QUÍMICO
650 _aQUALIDADE
650 _aINSEMINAÇÃO ARTIFICIAL
773 0 _tRevista Brasileira de Zootecnia (Brazil)
_xISSN 1516-3598
_g(Jan-Feb 2004), v. 33(1) p. 112-122
_wBR0405224
909 _a202311
_bLúcia
_c55
_dLúcia Elande
942 _2AGRIS
_n0
_cANA
999 _c180416
_d180416